00367nam a2200133Ia 450000500170000000800410001702000180005808200250007610000260010124500440012726000270017130000120019865000230021020250401140124.0231217s9999 xx 000 0 und d a9788131403693 a338.437914 PAR;1 R aPartha Sarathy, V ed. 0aGlobal film industry : trends and cases c2006bIcfaiaHyderabad avi, 192 aGlobal,film,trends